000 00212nam a22000977a 4500
999 _c15857
_d15857
003 OSt
008 191022b ||||| |||| 00| 0 eng d
100 _avallathole.
_94352
245 _aIndiayude Karachil
942 _cBK